000 00362 a2200145 4500
020 _a9695160301
040 _aDLC
_bDLC
082 _a891.4393
100 _aPrem Chand.
245 _aMeedan-e-Amal
_cPrem Chand
260 _aIslamabad :
_bAlhamra publications,
_c2001.
300 _a408 p. ;
_c24 cm.
650 _aUrdu-literature.
942 _cBK
_k891.4393 PRE
_2ddc
999 _c5194
_d5194